<?xml version="1.0" encoding="UTF-8"?>
<record
    xmlns:xsi="http://www.w3.org/2001/XMLSchema-instance"
    xsi:schemaLocation="http://www.loc.gov/MARC21/slim http://www.loc.gov/standards/marcxml/schema/MARC21slim.xsd"
    xmlns="http://www.loc.gov/MARC21/slim">

  <leader>01454nam a22002417a 4500</leader>
  <controlfield tag="003">OSt</controlfield>
  <controlfield tag="005">20220119130150.0</controlfield>
  <controlfield tag="008">120126t        xxu||||| |||| 00| 0 eng d</controlfield>
  <datafield tag="020" ind1=" " ind2=" ">
    <subfield code="a">9780618605361</subfield>
  </datafield>
  <datafield tag="020" ind1=" " ind2=" ">
    <subfield code="a">0618605363</subfield>
  </datafield>
  <datafield tag="040" ind1=" " ind2=" ">
    <subfield code="c">LC</subfield>
  </datafield>
  <datafield tag="050" ind1=" " ind2=" ">
    <subfield code="a">HD30.28.H64</subfield>
  </datafield>
  <datafield tag="100" ind1=" " ind2=" ">
    <subfield code="q">Hill, Charles W. L.</subfield>
  </datafield>
  <datafield tag="245" ind1=" " ind2=" ">
    <subfield code="a">Essentials of strategic management.  /</subfield>
    <subfield code="c"> Charles W.L. Hill, Gareth R. Jones</subfield>
  </datafield>
  <datafield tag="260" ind1=" " ind2=" ">
    <subfield code="a">New York: </subfield>
    <subfield code="b">Houghton Mifflin,</subfield>
    <subfield code="c">2008.</subfield>
  </datafield>
  <datafield tag="300" ind1=" " ind2=" ">
    <subfield code="a">xvi, 244 p. + [various pagings]:</subfield>
    <subfield code="b">ill.;</subfield>
  </datafield>
  <datafield tag="505" ind1=" " ind2=" ">
    <subfield code="a">Contents:1. Introduction to strategic management: The Strategy-making process -- Stakeholders, the Mission, Governance and business ethics -- 2. The Nature of competitive advantage: External analysis: the identification of opportunities and threats -- Building competitive advantage -- 3. Building and sustaining long-run competitive advantage: Business-level strategy and competitive positioning -- Strategy in the global environment -- Corporate-level strategy and long-run profitability -- 4. Strategy implementation: Strategic change: implementing strategies to build and develop a company -- Implementing strategy through organizational design -- 5. Cases in strategic management -- </subfield>
  </datafield>
  <datafield tag="650" ind1=" " ind2=" ">
    <subfield code="a">Strategic planning </subfield>
    <subfield code="x"> United States. </subfield>
    <subfield code="x">Case studies. </subfield>
  </datafield>
  <datafield tag="650" ind1=" " ind2=" ">
    <subfield code="a">Business planning</subfield>
    <subfield code="x"> United States. </subfield>
    <subfield code="x"> Case studies. </subfield>
  </datafield>
  <datafield tag="650" ind1=" " ind2=" ">
    <subfield code="a">Management</subfield>
    <subfield code="x"> United States</subfield>
    <subfield code="x"> Case studies. </subfield>
  </datafield>
  <datafield tag="700" ind1=" " ind2=" ">
    <subfield code="q">Jones, Gareth R.</subfield>
  </datafield>
  <datafield tag="942" ind1=" " ind2=" ">
    <subfield code="2">lcc</subfield>
    <subfield code="c">BK</subfield>
  </datafield>
  <datafield tag="999" ind1=" " ind2=" ">
    <subfield code="c">8442</subfield>
    <subfield code="d">15942</subfield>
  </datafield>
  <datafield tag="952" ind1=" " ind2=" ">
    <subfield code="0">0</subfield>
    <subfield code="1">0</subfield>
    <subfield code="2">lcc</subfield>
    <subfield code="4">0</subfield>
    <subfield code="7">0</subfield>
    <subfield code="a">WIUC-KL</subfield>
    <subfield code="b">WIUC-KL</subfield>
    <subfield code="c">GEN</subfield>
    <subfield code="d">2019-10-23</subfield>
    <subfield code="e">WIUC</subfield>
    <subfield code="o">HD30.28.H64</subfield>
    <subfield code="p">K/324/324/19</subfield>
    <subfield code="r">2022-01-19 00:00:00</subfield>
    <subfield code="t">1</subfield>
    <subfield code="w">2022-01-19</subfield>
    <subfield code="y">BK</subfield>
  </datafield>
  <datafield tag="952" ind1=" " ind2=" ">
    <subfield code="0">0</subfield>
    <subfield code="1">0</subfield>
    <subfield code="2">lcc</subfield>
    <subfield code="4">0</subfield>
    <subfield code="7">0</subfield>
    <subfield code="a">WIUC-KL</subfield>
    <subfield code="b">WIUC-KL</subfield>
    <subfield code="c">GEN</subfield>
    <subfield code="d">2019-10-23</subfield>
    <subfield code="e">WIUC</subfield>
    <subfield code="o">HD30.28.H641</subfield>
    <subfield code="p">K/325/325/19</subfield>
    <subfield code="r">2022-01-19 00:00:00</subfield>
    <subfield code="t">2</subfield>
    <subfield code="w">2022-01-19</subfield>
    <subfield code="y">BK</subfield>
  </datafield>
</record>
